Biblioteca

Patrología / Ramón Trevijano Etcheverría (Registro nro. 42369)

Detalles MARC
000 -LÍDER
Campo fijo de descripción fija 010410000a22002290004500
020 ## - NÚMERO INTERNACIONAL NORMALIZADO PARA LIBROS
Número Internacional Normalizado del libro 84-7914-366-5,
Linkage 7.300
082 04 - NÚMERO DE CLASIFICACIÓN DECIMAL DEWEY
Número de clasificación G 270.072 T813p
001 - NÚMERO DE CONTROL
Campo de control 13390
100 1# - ASIENTO PRINCIPAL--NOMBRE PERSONAL
Nombre personal Trevijano Etcheverría, Ramón
245 10 - TÍTULO
Título del Material Patrología / Ramón Trevijano Etcheverría
250 ## - MENCIÓN DE EDICIÓN
Mención de edición 2
260 ## - PUBLICACIÓN, DISTRIBUCIÓN, ETC. (PIE DE IMPRENTA)
Lugar de publicación, distribución, etc. Madrid : Biblioteca de Autores Cristianos
300 ## - DESCRIPCIÓN FÍSICA
Extensión 382 p.
336 ## - CONTENT TYPE
Content type term texto
Content type code txt
Source rdacontent
337 ## - MEDIA TYPE
Source rdamedia
Media type term sin mediación
Media type code n
338 ## - CARRIER TYPE
Source rdacarrier
Carrier type term volumen
Carrier type code nc
500 ## - NOTA GENERAL
Nota General Con licencia eclesiástica del obispado de Salamanca (15-III-1994)
505 00 - NOTA DE CONTENIDO
Nota de contenido con formato preestablecido Los padres apsotólicos - Apócrifos neotestamentarios - Heterodoxos y eclesiásticos - Tensiones con el mundo - Teología africana - Teólogos romanos - La escuela de Alejandría - Los padres capadocios - Exégesis antioquena y neoalejandrina - Grandes padres latinos - Padres hispanos ...
650 14 - ASIENTO SECUNDARIO DE MATERIA - TERMINO TEMÁTICO
Término temático o nombre geográfico como elemento de entrada PADRES DE LA IGLESIA \ IGLESIA - HISTORIA - PERIODO PRIMITIVO, 30-600
942 ## - TIPO DE MATERIAL (KOHA)
Tipo de Item KOHA Libros General
Existencias
Estado de Material Estado de Perdido Estado de Dañado No para Préstamo Colección Tomo Biblioteca de Origen Biblioteca Permanente Fecha de Adquisición Total de Préstamos Total de Renovaciones Signatura Topográfica Código de Barras Última vez visto Última vez Préstado Ejemplar/Existencia Fecha de Remplazo Tipo de Material
        Colección General   Biblioteca FUSBC Biblioteca FUSBC 27/07/2009 5 1 G 270.072 T813p 17059 20/10/2023 13/10/2023 1 26/01/2016 Libros General

Biblioteca FUSBC | Teléfono: (57+4) 349 88 10 Ext. 141| WhatsApp (+57) 3005338115 
E-mail: biblioteca@unisbc.edu.co | Calle 76 87-14 Robledo Palenque, Medellín, Colombia

Con tecnología Koha